Presidents Whose Last Names End in -N - Statistics

General Stats
  • This quiz has been taken 49 times
  • The average score is 14 of 17
Answer Stats
President % Correct
George Washington
100%
Joe Biden
91%
Ronald Reagan
91%
Thomas Jefferson
91%
Abraham Lincoln
89%
Bill Clinton
89%
Andrew Jackson
87%
Richard Nixon
87%
Andrew Johnson
85%
Benjamin Harrison
85%
Lyndon B. Johnson
85%
Harry S. Truman
80%
James Madison
72%
Woodrow Wilson
72%
James Buchanan
65%
Martin Van Buren
65%
William Harrison
17%
No matching quizzes found
Score Distribution
Percent of People with Each Score
Percentile by Number Answered
Your Score History
You have not taken this quiz